[Event "14th EUR-ch"]
[Site "Legnica POL"]
[Date "2013.05.10"]
[Round "6"]
[White "Butkiewicz, Lukasz"]
[Black "Pap, Gyula"]
[Result "1-0"]
[WhiteElo "2410"]
[BlackElo "2539"]
[EventDate "2013.05.05"]
[PlyCount "120"]

1.e4 e5 2.Nf3 Nc6 3.Bb5 a6 4.Ba4 Nf6 5.O-O Be7 6.Re1 b5 7.Bb3 d6 8.c3 O-O 
9.h3 Na5 10.Bc2 c5 11.d4 Qc7 12.d5 Ne8 13.Nbd2 g6 14.Nf1 Nc4 15.b3 Nb6 16.
Bh6 Ng7 17.Ne3 c4 18.Qd2 Bd7 19.bxc4 Nxc4 20.Nxc4 Qxc4 21.Bd3 Qa4 22.Rab1 
Bd8 23.Rb4 Qa3 24.Rb3 Qc5 25.Rc1 Qa7 26.c4 bxc4 27.Bxc4 Bb6 28.Rcb1 Bc5 
29.Qb2 Bc8 30.Be3 Bxe3 31.Rxe3 Kh8 32.Rb3 f5 33.Rb6 Qe7 34.Qa3 fxe4 35.Nd2
Qh4 36.Qe3 Bxh3 37.gxh3 Nf5 38.Qe1 e3 39.fxe3 Qg5+ 40.Kh2 Nxe3 41.Qg3 Ng4+
42.Qxg4 Qxd2+ 43.Kh1 Rf4 44.Qd7 Rff8 45.Rb7 Qh6 46.Bf1 Rad8 47.Qg4 Rf4 48.
Qe6 Rdf8 49.Bg2 R4f6 50.Qd7 e4 51.Rb8 e3 52.Rxf8+ Qxf8 53.Qg4 Rf5 54.Qd4+ 
Re5 55.Re1 Qh6 56.Qb6 e2 57.Qxd6 Qf4 58.Qc7 g5 59.Qc3 Kg8 60.d6 Re3 1-0

[Event "14th EUR-ch"]
[Site "Legnica POL"]
[Date "2013.05.10"]
[Round "6"]
[White "Bulmaga, Irina"]
[Black "Prizant, Jaroslav"]
[Result "1-0"]
[WhiteElo "2393"]
[BlackElo "2537"]
[EventDate "2013.05.05"]
[PlyCount "81"]

1.e4 c5 2.Nf3 e6 3.d4 cxd4 4.Nxd4 a6 5.Nc3 b5 6.Bd3 Qb6 7.Nf3 Qc7 8.O-O 
Bb7 9.Re1 Be7 10.e5 f5 11.a4 b4 12.Na2 Nc6 13.Bf4 Nh6 14.c3 bxc3 15.Nxc3 
Nb4 16.Rc1 Qd8 17.Bc4 Nf7 18.Nd4 O-O 19.Qh5 g6 20.Qh3 Qa5 21.Nb3 Qc7 22.
Bf1 Nc6 23.a5 Bb4 24.Bd2 Qd8 25.Be3 Nxa5 26.Nc5 Qe7 27.Nd3 Rfc8 28.Nxb4 
Qxb4 29.Rcd1 Bc6 30.Rd4 Qe7 31.Rh4 Rcb8 32.Rxh7 Rb4 33.f4 Rxb2 34.Rh4 Rb3 
35.Bf2 Bb5 36.Re3 Bxf1 37.Rg3 g5 38.fxg5 f4 39.g6 fxg3 40.gxf7+ Kxf7 41.
Rh7+ 1-0

[Event "14th EUR-ch"]
[Site "Legnica POL"]
[Date "2013.05.10"]
[Round "6"]
[White "Manea, Alexandru"]
[Black "Zoler, Dan"]
[Result "0-1"]
[WhiteElo "2389"]
[BlackElo "2533"]
[EventDate "2013.05.05"]
[PlyCount "109"]

1.c4 c5 2.Nf3 Nf6 3.Nc3 g6 4.g3 b6 5.Bg2 Bb7 6.O-O Bg7 7.Re1 d5 8.d4 O-O 
9.dxc5 bxc5 10.cxd5 Nxd5 11.Qb3 Nb6 12.a4 c4 13.Qa3 N8d7 14.Be3 Nd5 15.
Nxd5 Bxd5 16.Bd4 Bxd4 17.Nxd4 Bxg2 18.Kxg2 Qb6 19.Red1 Qb7+ 20.Kg1 Nf6 21.
b4 cxb3 22.Qxb3 Qxb3 23.Nxb3 Rab8 24.Na5 Rb6 25.Rdc1 Rd8 26.Rc7 Rd7 27.
Rac1 Ra6 28.Rxd7 Nxd7 29.Rc7 Rxa5 30.Rxd7 e5 31.Kg2 Kg7 32.Rd6 Rxa4 33.h4 
h6 34.Kf3 a5 35.Ra6 Ra2 36.Ke3 a4 37.Kf3 a3 38.Ke3 Kf8 39.Ra7 Ke8 40.Kf3 
Kf8 41.Ke3 f6 42.Kf3 Ke8 43.Ke3 Kd8 44.Rf7 f5 45.Rg7 Rb2 46.Rxg6 a2 47.Ra6
Kc7 48.f3 Kb7 49.Ra4 Kc6 50.Kd3 e4+ 51.fxe4 fxe4+ 52.Ke3 Kb5 53.Ra8 Kb4 
54.Kxe4 Rxe2+ 55.Kd4 0-1

[Event "14th EUR-ch"]
[Site "Legnica POL"]
[Date "2013.05.10"]
[Round "6"]
[White "Jaracz, Pawel"]
[Black "Izzat, Kanan"]
[Result "1-0"]
[WhiteElo "2527"]
[BlackElo "2322"]
[EventDate "2013.05.05"]
[PlyCount "81"]

1.c4 Nf6 2.Nc3 d5 3.cxd5 Nxd5 4.g3 g6 5.Bg2 Nb6 6.d3 Bg7 7.Be3 O-O 8.Qd2 
Nc6 9.Nf3 e5 10.h4 Nd5 11.Bh6 Nxc3 12.Bxg7 Kxg7 13.Qxc3 Qd6 14.Rc1 Be6 15.
a3 Bd5 16.O-O Rac8 17.Nxe5 Nxe5 18.e4 Bc6 19.d4 f6 20.dxe5 Qxe5 21.Qxe5 
fxe5 22.Rc5 Kf6 23.f4 Rce8 24.fxe5+ Kg7 25.b4 Rxf1+ 26.Kxf1 Re7 27.Kf2 Be8
28.Bh3 b6 29.Rc3 c5 30.bxc5 Rc7 31.Ke3 bxc5 32.Be6 h6 33.Kf4 Kf8 34.Bd5 
Ke7 35.g4 Ba4 36.g5 h5 37.e6 Kd6 38.Bc4 Ke7 39.Ke5 Rb7 40.Rc1 Rc7 41.Rb1 
1-0

[Event "14th EUR-ch"]
[Site "Legnica POL"]
[Date "2013.05.10"]
[Round "6"]
[White "Cherednichenko, Svetlana"]
[Black "Sebenik, Matej"]
[Result "1/2-1/2"]
[WhiteElo "2274"]
[BlackElo "2527"]
[EventDate "2013.05.05"]
[PlyCount "133"]

1.d4 Nf6 2.Nf3 e6 3.e3 c5 4.Bd3 d5 5.b3 Nc6 6.O-O Bd6 7.Bb2 O-O 8.Nbd2 b6 
9.Ne5 Nb4 10.Bb5 a6 11.Be2 Bb7 12.a3 Nc6 13.Bd3 Ne7 14.Ndf3 Ng6 15.Ng5 
cxd4 16.Nxg6 hxg6 17.exd4 Ne4 18.Nf3 a5 19.Qe2 f5 20.Ne5 Bxe5 21.dxe5 Nc5 
22.Bd4 a4 23.b4 Nxd3 24.cxd3 Ba6 25.Rac1 Bb5 26.f4 g5 27.fxg5 Qxg5 28.Bxb6
f4 29.Rc7 Rf5 30.Qf3 Be8 31.g4 fxg3 32.Qxg3 Rxe5 33.Rxg7+ Kxg7 34.Bd4 
Qxg3+ 35.hxg3 Bb5 36.Bxe5+ Kg8 37.Rf6 Ra6 38.d4 Bd3 39.Rf3 Bb5 40.Rc3 Bc4 
41.Kf2 Ra8 42.Bd6 Rd8 43.Bc5 Kg7 44.Re3 Kf7 45.Rf3+ Kg6 46.Re3 Kf7 47.Kf3 
Rh8 48.Kf4 Kf6 49.g4 Rh1 50.g5+ Kf7 51.g6+ Kxg6 52.Rxe6+ Kh5 53.Re5+ Kg6 
54.Re6+ Kh5 55.Rb6 Rb1 56.Ke5 Rb3 57.b5 Rxb5 58.Rxb5 Bxb5 59.Kxd5 Kg6 60.
Ke6 Bc4+ 61.d5 Bb3 62.Bd4 Bc4 63.Bc3 Bb3 64.Kd6 Kf7 65.Kc6 Ke8 66.Bf6 Bd1 
67.d6 1/2-1/2

[Event "14th EUR-ch"]
[Site "Legnica POL"]
[Date "2013.05.10"]
[Round "6"]
[White "Chudinovskikh, Alexander"]
[Black "Bukavshin, Ivan"]
[Result "0-1"]
[WhiteElo "2296"]
[BlackElo "2520"]
[EventDate "2013.05.05"]
[PlyCount "58"]

1.d4 d5 2.c4 e6 3.Nf3 Nf6 4.g3 dxc4 5.Qa4+ Nbd7 6.Bg2 a6 7.Qxc4 b5 8.Qc2 
Bb7 9.O-O c5 10.a4 Rc8 11.axb5 axb5 12.dxc5 Bxc5 13.Qd1 O-O 14.Ne1 Qb6 15.
Bxb7 Qxb7 16.Nd3 Rfd8 17.Bg5 Bd4 18.Nd2 h6 19.Bxf6 Bxf6 20.Qb3 Nc5 21.Nxc5
Rxc5 22.Nf3 Qe4 23.Rfe1 g5 24.h3 Kg7 25.Ra7 Rdd5 26.Qa3 Rc2 27.Qa6 Rxe2 
28.Qb7 Rxe1+ 29.Kg2 Be7 0-1

[Event "14th EUR-ch"]
[Site "Legnica POL"]
[Date "2013.05.10"]
[Round "6"]
[White "Minko, Vladimir"]
[Black "Mastrovasilis, Athanasios"]
[Result "0-1"]
[WhiteElo "2268"]
[BlackElo "2514"]
[EventDate "2013.05.05"]
[PlyCount "50"]

1.d4 Nf6 2.c4 e6 3.d5 Bb4+ 4.Bd2 Qe7 5.Nc3 exd5 6.Nxd5 Nxd5 7.cxd5 O-O 8.
Bxb4 Qxb4+ 9.Qd2 Na6 10.e3 b5 11.Rc1 Bb7 12.Nf3 Bxd5 13.Qxb4 Nxb4 14.a3 
Na2 15.Rxc7 Rac8 16.Rxd7 Rc1+ 17.Kd2 Be6 18.Rd6 Rb1 19.Nd4 Rxb2+ 20.Kd3 
Bc4+ 21.Ke4 Rxf2 22.Bxc4 bxc4 23.Rc6 Nc3+ 24.Ke5 Rd8 25.e4 Rf6 0-1

[Event "14th EUR-ch"]
[Site "Legnica POL"]
[Date "2013.05.10"]
[Round "6"]
[White "Kozul, Zdenko"]
[Black "Kriebel, Tadeas"]
[Result "1/2-1/2"]
[WhiteElo "2624"]
[BlackElo "2388"]
[EventDate "2013.05.05"]
[PlyCount "80"]

1.d4 Nf6 2.c4 g6 3.Nc3 d5 4.Nf3 Bg7 5.Qb3 dxc4 6.Qxc4 O-O 7.e4 Nc6 8.Be2 
Bg4 9.d5 Na5 10.Qb4 Bxf3 11.Bxf3 c6 12.O-O Qb6 13.Qa4 Nd7 14.Qc2 Rfd8 15.
Be3 Qb4 16.Rad1 Nc4 17.Bc1 Ndb6 18.dxc6 bxc6 19.Be2 Bd4 20.g3 Rab8 21.Kg2 
a5 22.h4 a4 23.Nd5 cxd5 24.Rxd4 e5 25.Rd3 Rdc8 26.a3 Nxa3 27.Qd1 Nac4 28.
exd5 Nxb2 29.Bxb2 Qxb2 30.d6 Rd8 31.h5 Nc4 32.Rd5 Qb4 33.hxg6 hxg6 34.Qa1 
Nxd6 35.Rxe5 Nf5 36.Qc1 Qb2 37.Qf4 Qd2 38.Qxa4 Qd4 39.Qa6 Ra8 40.Qb5 Rab8 
1/2-1/2

[Event "14th EUR-ch"]
[Site "Legnica POL"]
[Date "2013.05.10"]
[Round "6"]
[White "Ernst, Thomas"]
[Black "Pelletier, Yannick"]
[Result "1/2-1/2"]
[WhiteElo "2387"]
[BlackElo "2599"]
[EventDate "2013.05.05"]
[PlyCount "103"]

1.e4 c5 2.Nf3 e6 3.d4 cxd4 4.Nxd4 Nc6 5.Nb5 d6 6.c4 Nf6 7.N1c3 a6 8.Na3 
Be7 9.Be2 O-O 10.O-O b6 11.Be3 Bb7 12.f3 Ne5 13.Qe1 Qc7 14.Qf2 Ned7 15.
Rac1 Rac8 16.Rfd1 Rfe8 17.Kh1 Ba8 18.Bf1 Qb8 19.Nab1 Bd8 20.Nd2 Bc7 21.Qh4
Ne5 22.Bg1 Rcd8 23.Qf2 Kh8 24.b4 d5 25.cxd5 exd5 26.Bxa6 d4 27.Ne2 b5 28.
Bxb5 Qxb5 29.Rxc7 d3 30.Nd4 Qxb4 31.Nf5 g6 32.Qh4 Ng8 33.f4 Rd7 34.Rc5 
gxf5 35.fxe5 Bxe4 36.Rc4 Qe7 37.Qf4 Qe6 38.Rd4 Rxd4 39.Bxd4 Qd5 40.e6+ 
Qxd4 41.exf7 Rf8 42.Nf3 Qg7 43.fxg8=Q+ Rxg8 44.Qd2 h6 45.Rf1 Kh7 46.a4 Rb8
47.Rg1 Rb2 48.Qf4 Rf2 49.Ng5+ hxg5 50.Qxf2 Qc3 51.Qg3 Kh6 52.Qd6+ 1/2-1/2

[Event "14th EUR-ch"]
[Site "Legnica POL"]
[Date "2013.05.10"]
[Round "6"]
[White "Erturan, Yakup"]
[Black "Djukic, Nikola"]
[Result "1/2-1/2"]
[WhiteElo "2386"]
[BlackElo "2555"]
[EventDate "2013.05.05"]
[PlyCount "96"]

1.e4 c5 2.Nf3 Nc6 3.Bb5 g6 4.Bxc6 bxc6 5.O-O Bg7 6.Re1 Nh6 7.c3 O-O 8.d4 
cxd4 9.cxd4 d6 10.Nc3 f6 11.h3 Nf7 12.Bf4 e5 13.Be3 Bd7 14.Qd2 Qe7 15.dxe5
fxe5 16.Ng5 Rad8 17.b4 a6 18.a4 Be6 19.Nxe6 Qxe6 20.Rad1 Qc4 21.b5 axb5 
22.axb5 cxb5 23.Nd5 Kh8 24.Rb1 Rb8 25.Rb4 Qc8 26.Reb1 Qd7 27.Nc3 Rfc8 28.
Nxb5 Bf8 29.Qd5 Kg7 30.R4b3 Qc6 31.Nc3 Rxb3 32.Rxb3 Qxd5 33.Nxd5 g5 34.Rb7
Kg6 35.g3 h5 36.g4 hxg4 37.hxg4 Ra8 38.Kg2 Nd8 39.Ra7 Rxa7 40.Bxa7 Nc6 41.
Bb6 Be7 42.Bc7 Kf7 43.Kf1 Ke6 44.Bb6 Bd8 45.Be3 Bf6 46.Ke2 Ne7 47.Nxe7 
Bxe7 48.Kd3 d5 1/2-1/2

[Event "14th EUR-ch"]
[Site "Legnica POL"]
[Date "2013.05.10"]
[Round "6"]
[White "Holzke, Frank"]
[Black "Pasiev, Rakhim"]
[Result "0-1"]
[WhiteElo "2499"]
[BlackElo "2379"]
[EventDate "2013.05.05"]
[PlyCount "82"]

1.d4 Nf6 2.Nf3 d6 3.c4 Nbd7 4.Nc3 e5 5.e4 Be7 6.Be2 O-O 7.O-O c6 8.Re1 Qc7
9.Bg5 Re8 10.h3 Nf8 11.Bf1 Ng6 12.Qd2 h6 13.Be3 Bf8 14.Rad1 a6 15.a3 b5 
16.cxb5 axb5 17.d5 Rb8 18.Rc1 cxd5 19.Nxd5 Qd8 20.Nb4 Nxe4 21.Qc2 d5 22.
Nc6 Qd6 23.Nxb8 Qxb8 24.Bd3 f5 25.Qc6 Nd6 26.Bc5 Bb7 27.Qd7 e4 28.Bxb5 Bc8
29.Qxe8 Nxe8 30.Bxe8 Nf4 31.Bxf8 Kxf8 32.Bb5 exf3 33.Re8+ Kf7 34.Rc5 Ne2+ 
35.Kh1 fxg2+ 36.Kxg2 Nf4+ 37.Kf1 Ne6 38.Rexc8 Qh2 39.Be8+ Ke7 40.Rc3 d4 
41.Rg3 Qh1+ 0-1

[Event "14th EUR-ch"]
[Site "Legnica POL"]
[Date "2013.05.10"]
[Round "6"]
[White "Petrisor, Adrian-Marian"]
[Black "Matinian, Nikita"]
[Result "0-1"]
[WhiteElo "2378"]
[BlackElo "2491"]
[EventDate "2013.05.05"]
[PlyCount "106"]

1.e4 c5 2.Nf3 d6 3.d4 cxd4 4.Nxd4 Nf6 5.Nc3 Nc6 6.Bg5 e6 7.Qd2 a6 8.O-O-O 
h6 9.Bf4 Bd7 10.Nxc6 Bxc6 11.Qe1 Qc7 12.Nd5 Bxd5 13.exd5 Rc8 14.c4 e5 15.
Kb1 Be7 16.Be3 O-O 17.Rc1 Rfe8 18.Be2 Nd7 19.g4 Bh4 20.g5 hxg5 21.Rg1 Qd8 
22.Qd2 Nf6 23.f3 Nh7 24.Rgd1 b6 25.Rc3 Nf8 26.Rg1 f6 27.Bd3 Rb8 28.Qc2 Re7
29.Ra3 a5 30.Qa4 g6 31.Rb3 Reb7 32.Qc6 f5 33.Rc1 Qd7 34.Rcc3 f4 35.Bg1 g4 
36.Qxd7 Nxd7 37.Bxg6 gxf3 38.Rxf3 Nc5 39.Bxc5 bxc5 40.Rh3 Rxb3 41.axb3 Kg7
42.Be4 Rh8 43.Kc2 Kf6 44.Kd3 Kg5 45.Ke2 Rb8 46.Rc3 a4 47.bxa4 Rxb2+ 48.Rc2
Rb3 49.Kd1 f3 50.Ra2 Kf4 51.Kc2 Re3 52.Bd3 e4 53.Bf1 Re2+ 0-1

[Event "14th EUR-ch"]
[Site "Legnica POL"]
[Date "2013.05.10"]
[Round "6"]
[White "Buchal, Stephan"]
[Black "Danielian, Elina"]
[Result "0-1"]
[WhiteElo "2315"]
[BlackElo "2478"]
[EventDate "2013.05.05"]
[PlyCount "80"]

1.c4 c5 2.g3 g6 3.Bg2 Bg7 4.Nc3 Nc6 5.d3 e6 6.e4 Nge7 7.Nge2 d6 8.O-O a6 
9.a3 Rb8 10.Rb1 Nd4 11.b4 cxb4 12.axb4 Nxe2+ 13.Nxe2 b5 14.Be3 O-O 15.Qd2 
Bb7 16.Bh6 Nc6 17.Bxg7 Kxg7 18.cxb5 axb5 19.d4 e5 20.Rfd1 Qb6 21.Rb3 Ra8 
22.d5 Ne7 23.g4 Bc8 24.h3 Bd7 25.Ng3 h6 26.Kh2 Ra4 27.Rg1 Rfa8 28.f4 Ra1 
29.Rf1 R8a2 30.Rb2 Rxf1 31.Nxf1 Ra3 32.Rb1 Qa7 33.Rc1 Ra2 34.Qc3 Qf2 35.
Qg3 Qb2 36.Rc7 exf4 37.Qf3 g5 38.Rxd7 Ng6 39.Ne3 Ne5 40.Nf5+ Kh7 0-1

[Event "14th EUR-ch"]
[Site "Legnica POL"]
[Date "2013.05.10"]
[Round "6"]
[White "Przezdziecka, Marta"]
[Black "Pacher, Milan"]
[Result "0-1"]
[WhiteElo "2302"]
[BlackElo "2470"]
[EventDate "2013.05.05"]
[PlyCount "68"]

1.d4 Nf6 2.c4 g6 3.Nc3 Bg7 4.e4 O-O 5.Nf3 c6 6.Be2 d5 7.cxd5 cxd5 8.e5 Ne4
9.O-O Nc6 10.Be3 Bf5 11.Rc1 Rc8 12.Na4 f6 13.exf6 exf6 14.Nc5 b6 15.Nd3 g5
16.Qa4 Qd6 17.Rfd1 Bd7 18.Bf1 Kh8 19.Qa6 Rc7 20.b4 Rfc8 21.h4 h6 22.hxg5 
hxg5 23.Re1 Bf8 24.Nd2 Kg7 25.f4 Nxb4 26.Nxe4 dxe4 27.Nxb4 Qxb4 28.Rb1 Qd6
29.fxg5 fxg5 30.Bb5 Bf5 31.Qa4 Be7 32.Rbc1 Rxc1 33.Rxc1 Qg3 34.Rxc8 Qxe3+ 
0-1

[Event "14th EUR-ch"]
[Site "Legnica POL"]
[Date "2013.05.10"]
[Round "6"]
[White "Gaehwiler, Gabriel"]
[Black "Antipov, Mikhail"]
[Result "0-1"]
[WhiteElo "2288"]
[BlackElo "2464"]
[EventDate "2013.05.05"]
[PlyCount "94"]

1.Nf3 c5 2.e4 d6 3.d4 cxd4 4.Nxd4 Nf6 5.Nc3 a6 6.Be3 e6 7.Be2 Qc7 8.O-O b5
9.a3 Bb7 10.f4 Nbd7 11.Rc1 Be7 12.g4 O-O 13.g5 Nxe4 14.Nxe4 Bxe4 15.c4 b4 
16.axb4 e5 17.Nf3 f6 18.Bd3 Qb7 19.Bxe4 Qxe4 20.Qd5+ Qxd5 21.cxd5 exf4 22.
Bxf4 Nb6 23.Rfd1 fxg5 24.Bxg5 Bxg5 25.Nxg5 Rf5 26.Ne4 Nxd5 27.Nxd6 Rg5+ 
28.Kh1 Nxb4 29.Nc8 h6 30.Rc4 a5 31.h4 Rg3 32.Kh2 Rb3 33.Rd7 Rxb2+ 34.Kh1 
Rb1+ 35.Kg2 Rb2+ 36.Kh1 Kh8 37.h5 Rc2 38.Rg4 Raxc8 39.Rgxg7 Rc1+ 40.Kg2 
R8c2+ 41.Kf3 Rf1+ 42.Ke3 Nd5+ 43.Kd3 Rc3+ 44.Ke2 Ra1 45.Rh7+ Kg8 46.Rdg7+ 
Kf8 47.Rf7+ Ke8 0-1

[Event "14th EUR-ch"]
[Site "Legnica POL"]
[Date "2013.05.10"]
[Round "6"]
[White "Petenyi, Tamas"]
[Black "Antal, Tibor Kende"]
[Result "1-0"]
[WhiteElo "2455"]
[BlackElo "2349"]
[EventDate "2013.05.05"]
[PlyCount "67"]

1.e4 c5 2.Nf3 d6 3.d4 cxd4 4.Nxd4 Nf6 5.Nc3 a6 6.Be3 e5 7.Nf3 Be7 8.Bc4 
O-O 9.Qe2 Qc7 10.Bg5 Be6 11.Bb3 Nbd7 12.O-O-O b5 13.Bxf6 Nxf6 14.Nd5 Bxd5 
15.Bxd5 Rab8 16.Kb1 a5 17.a3 Qc5 18.Rd3 Bd8 19.Rhd1 Bb6 20.R1d2 b4 21.a4 
Ng4 22.Ng5 Nf6 23.Bb3 h6 24.Nf3 Rbd8 25.Nh4 Qc7 26.Nf5 Bxf2 27.Rxd6 Bh4 
28.Rxd8 Rxd8 29.Rxd8+ Qxd8 30.Nxh4 Qd4 31.Nf3 Qc5 32.Qc4 Qxc4 33.Bxc4 Nxe4
34.Nxe5 1-0

[Event "14th EUR-ch"]
[Site "Legnica POL"]
[Date "2013.05.10"]
[Round "6"]
[White "Tate, Alan"]
[Black "Donchenko, Alexander"]
[Result "1-0"]
[WhiteElo "2264"]
[BlackElo "2452"]
[EventDate "2013.05.05"]
[PlyCount "85"]

1.c4 c5 2.Nf3 Nf6 3.Nc3 d5 4.cxd5 Nxd5 5.e4 Nb4 6.Bc4 e6 7.O-O N4c6 8.a3 
a6 9.d3 Be7 10.Re1 b5 11.Ba2 Bb7 12.Bf4 O-O 13.Rc1 Qd7 14.Qe2 Rd8 15.Red1 
h6 16.h3 Nd4 17.Nxd4 Qxd4 18.Qg4 Qf6 19.e5 Qf5 20.Qxf5 exf5 21.e6 f6 22.
Bc7 Rc8 23.Nd5 Kf8 24.b4 Nc6 25.bxc5 Nd4 26.Re1 Bxd5 27.Bxd5 Rxc7 28.Bxa8 
Rxc5 29.Kf1 Nc2 30.Red1 Rc3 31.Ke2 Nd4+ 32.Ke3 Rxc1 33.Rxc1 Nxe6 34.Rc6 
Kf7 35.d4 Bxa3 36.Rxa6 Bc1+ 37.Kd3 Ke7 38.Rb6 Bb2 39.Rb7+ Kd6 40.Rxb5 Nf4+
41.Kc4 Ba3 42.Ra5 Bc1 43.Rxf5 1-0

[Event "14th EUR-ch"]
[Site "Legnica POL"]
[Date "2013.05.10"]
[Round "6"]
[White "Sipila, Vilka"]
[Black "Maevsky, Nikolay"]
[Result "1/2-1/2"]
[WhiteElo "2445"]
[BlackElo "2323"]
[EventDate "2013.05.05"]
[PlyCount "104"]

1.d4 d5 2.c4 e6 3.Nf3 Nf6 4.g3 Bb4+ 5.Nbd2 O-O 6.Bg2 dxc4 7.Qc2 b5 8.a4 c6
9.axb5 a5 10.bxa6 Rxa6 11.Rxa6 Bxa6 12.O-O Bxd2 13.Bxd2 Qb6 14.Rc1 Nbd7 
15.e4 h6 16.Be3 Rb8 17.d5 c5 18.dxe6 Qxe6 19.Nd2 Ng4 20.Bf4 Nge5 21.Bf1 
Rb4 22.Qc3 Nd3 23.Bxd3 cxd3 24.Ra1 Bb5 25.f3 Ba6 26.Be3 Qb6 27.b3 Qd6 28.
Ra5 Bb5 29.Ra8+ Kh7 30.Ra1 Ba6 31.Rc1 Rb5 32.Nc4 Qe6 33.Qxd3 Ne5 34.Nxe5 
Qxe5 35.f4 Qe6 36.Qd5 Rxb3 37.Bxc5 Bb7 38.Qxe6 fxe6 39.Rc4 Rb1+ 40.Kg2 Ba6
41.Ra4 Bf1+ 42.Kf2 Bb5 43.Ra2 Bc6 44.Kf3 Rb3+ 45.Kf2 Bxe4 46.Bd4 h5 47.Ra5
Bd5 48.Ke2 Rb5 49.Ra7 Rb7 50.Ra4 Kg6 51.Kf2 Kf5 52.Ra8 g6 1/2-1/2

[Event "14th EUR-ch"]
[Site "Legnica POL"]
[Date "2013.05.10"]
[Round "6"]
[White "Curic, Drazen"]
[Black "Mammadov, Zaur"]
[Result "0-1"]
[WhiteElo "2258"]
[BlackElo "2442"]
[EventDate "2013.05.05"]
[PlyCount "66"]

1.b3 Nf6 2.Bb2 d5 3.e3 g6 4.d3 Bg7 5.g3 O-O 6.Bg2 Bg4 7.Ne2 c6 8.Nd2 Na6 
9.h3 Bd7 10.O-O Qc8 11.g4 h5 12.f3 Qc7 13.g5 Ne8 14.Bxg7 Nxg7 15.e4 dxe4 
16.fxe4 Qb6+ 17.Kh2 Ne6 18.Nf3 c5 19.Qd2 Rad8 20.a3 Nb8 21.Qe3 Nc6 22.c3 
Bc8 23.Nc1 Qc7+ 24.Kh1 b6 25.Ne2 Ba6 26.Rad1 Rd7 27.h4 Rfd8 28.Ne1 Ne5 29.
Bh3 Bxd3 30.Bxe6 fxe6 31.Nxd3 Rxd3 32.Rxd3 Rxd3 33.Qf4 Qb8 0-1

[Event "14th EUR-ch"]
[Site "Legnica POL"]
[Date "2013.05.10"]
[Round "6"]
[White "Anton, Teodor"]
[Black "Vuilleumier, Alexandre"]
[Result "1-0"]
[WhiteElo "2441"]
[BlackElo "2319"]
[EventDate "2013.05.05"]
[PlyCount "91"]

1.c4 c5 2.Nc3 Nc6 3.g3 g6 4.Bg2 Bg7 5.Nf3 e5 6.O-O Nge7 7.Ne1 O-O 8.Nc2 d6
9.Ne3 Be6 10.d3 Qd7 11.Re1 Rab8 12.Ned5 Bh3 13.Bh1 Nxd5 14.Nxd5 Ne7 15.
Nxe7+ Qxe7 16.Qa4 b6 17.Rb1 f5 18.Bd5+ Kh8 19.b4 f4 20.bxc5 dxc5 21.Bg2 
fxg3 22.hxg3 Bxg2 23.Kxg2 e4 24.Qb3 exd3 25.Qxd3 Rbd8 26.Qc2 Qf7 27.Bf4 
Bd4 28.e3 Bf6 29.Rbd1 Qe6 30.Bh6 Rfe8 31.Qa4 g5 32.Qc2 Qc6+ 33.e4 Rxd1 34.
Qxd1 Kg8 35.Qd5+ Qxd5 36.cxd5 Kf7 37.f4 Kg6 38.Bxg5 Bxg5 39.fxg5 Kxg5 40.
e5 Kf5 41.g4+ Kg6 42.Kf3 Kf7 43.Ke4 Rg8 44.Rh1 Rxg4+ 45.Kf5 Rd4 46.Rxh7+ 
1-0

[Event "14th EUR-ch"]
[Site "Legnica POL"]
[Date "2013.05.10"]
[Round "6"]
[White "Simeonidis, Ioannis"]
[Black "Diermair, Andreas"]
[Result "1/2-1/2"]
[WhiteElo "2237"]
[BlackElo "2431"]
[EventDate "2013.05.05"]
[PlyCount "52"]

1.e4 c6 2.Nf3 d5 3.Nc3 a6 4.d4 Bg4 5.h3 Bh5 6.Be2 e6 7.Ne5 Bxe2 8.Qxe2 Nf6
9.O-O Be7 10.Bf4 O-O 11.Rad1 Nbd7 12.Rfe1 Bb4 13.Bg5 Qa5 14.Nxd7 Nxd7 15.
Bd2 Bxc3 16.Bxc3 Qb6 17.e5 Rac8 18.Qg4 c5 19.Re3 cxd4 20.Bxd4 Qa5 21.Ra3 
Qc7 22.Rc3 Qa5 23.Ra3 Qc7 24.Rc3 Qa5 25.Ra3 Qc7 26.Rc3 Qa5 1/2-1/2

[Event "14th EUR-ch"]
[Site "Legnica POL"]
[Date "2013.05.10"]
[Round "6"]
[White "Dubinski, Mateusz"]
[Black "Perunovic, Miodrag"]
[Result "1-0"]
[WhiteElo "2219"]
[BlackElo "2430"]
[EventDate "2013.05.05"]
[PlyCount "143"]

1.c4 e5 2.Nc3 Nc6 3.g3 Bc5 4.Bg2 a6 5.e3 d6 6.Nge2 Ba7 7.O-O h5 8.h3 h4 9.
g4 f5 10.gxf5 Bxf5 11.d4 Qd7 12.Kh2 Nf6 13.e4 Bg6 14.Be3 exd4 15.Nxd4 Ne5 
16.Nd5 O-O 17.Nxf6+ Rxf6 18.Qe2 Raf8 19.Nf5 Bxf5 20.exf5 Bxe3 21.fxe3 Rxf5
22.Bd5+ Kh8 23.Be4 g6 24.Bxf5 Rxf5 25.Rxf5 Qxf5 26.Rf1 Qg5 27.Qf2 Kg7 28.
Qf8+ Kh7 29.Qf4 Qe7 30.b3 Kg7 31.Rd1 Nf7 32.Kg2 Nh6 33.Kf3 Nf7 34.Ke2 g5 
35.Qf5 Nh6 36.Qf3 Qe6 37.Rd5 Kg6 38.c5 Nf5 39.cxd6 cxd6 40.Rd1 Qe5 41.Rd2 
b5 42.Kf2 Qh2+ 43.Qg2 Qe5 44.Qf3 Qh2+ 45.Ke1 Qg1+ 46.Ke2 Qc1 47.e4 Ng3+ 
48.Kd3 Qc5 49.Rc2 Qe5 50.Rc7 Qe6 51.Ra7 Nh5 52.Qf5+ Qxf5 53.exf5+ Kxf5 54.
Rxa6 Nf4+ 55.Ke3 Ke5 56.a4 bxa4 57.bxa4 Nxh3 58.Rb6 Nf4 59.a5 g4 60.Rb1 
Nd5+ 61.Kf2 Nc3 62.a6 Nxb1 63.a7 Nc3 64.a8=Q Ne4+ 65.Ke3 Nf6 66.Qa1+ Kf5 
67.Qf1+ Ke6 68.Qc4+ d5 69.Qf4 h3 70.Kd4 Ke7 71.Ke5 Ne4 72.Kxd5 1-0

[Event "14th EUR-ch"]
[Site "Legnica POL"]
[Date "2013.05.10"]
[Round "6"]
[White "Sabuk, Piotr"]
[Black "Skytte, Rasmus"]
[Result "1/2-1/2"]
[WhiteElo "2206"]
[BlackElo "2426"]
[EventDate "2013.05.05"]
[PlyCount "102"]

1.d4 Nf6 2.c4 e6 3.g3 c5 4.d5 exd5 5.cxd5 d6 6.Nc3 g6 7.Bg2 Bg7 8.Nf3 O-O 
9.O-O a6 10.a4 Nbd7 11.Nd2 Re8 12.h3 Rb8 13.Nc4 Ne5 14.Na3 Nh5 15.e4 Bd7 
16.a5 Qxa5 17.g4 Nf6 18.f4 Nexg4 19.hxg4 Nxg4 20.f5 Ne5 21.f6 Bh8 22.Bg5 
Qd8 23.Nc2 b5 24.b4 cxb4 25.Nxb4 a5 26.Nc6 Nxc6 27.dxc6 Bxc6 28.Qg4 b4 29.
Ne2 b3 30.Nd4 b2 31.Rab1 Bd7 32.Qg3 Re5 33.Rf2 a4 34.Rbxb2 Rxb2 35.Rxb2 
Bxf6 36.Bxf6 Qxf6 37.Rf2 Qe7 38.Nf5 Bxf5 39.exf5 Qa7 40.Kh2 a3 41.fxg6 
hxg6 42.Ra2 Qd4 43.Qxa3 Re3 44.Qa4 Qe5+ 45.Kg1 Re1+ 46.Bf1 Re4 47.Qa7 Rf4 
48.Rf2 Rxf2 49.Kxf2 Kg7 50.Qe3 f5 51.Bg2 Kf6 1/2-1/2

[Event "14th EUR-ch"]
[Site "Legnica POL"]
[Date "2013.05.10"]
[Round "6"]
[White "Iwanow, Anna"]
[Black "Caprio, Guido"]
[Result "0-1"]
[WhiteElo "2195"]
[BlackElo "2413"]
[EventDate "2013.05.05"]
[PlyCount "68"]

1.e4 e6 2.d4 d5 3.Nc3 Nf6 4.Bg5 Bb4 5.e5 h6 6.Bd2 Bxc3 7.Bxc3 Ne4 8.Bb4 c5
9.Bxc5 Nxc5 10.dxc5 Qc7 11.f4 O-O 12.Bd3 Nd7 13.Nf3 Nxc5 14.O-O Qb6 15.Kh1
Qxb2 16.g4 Qb4 17.Nh4 Bd7 18.Rb1 Qa4 19.Qe1 Bc6 20.Rb4 Nxd3 21.cxd3 d4+ 
22.Kg1 Qc2 23.Qg3 Qd2 24.Rxd4 Rad8 25.Rd6 Rxd6 26.exd6 Qxa2 27.f5 Qd5 28.
f6 Qd4+ 29.Rf2 Qa1+ 30.Rf1 Qd4+ 31.Rf2 gxf6 32.Ng2 a5 33.Qh4 a4 34.Qxh6 a3
0-1

[Event "14th EUR-ch"]
[Site "Legnica POL"]
[Date "2013.05.10"]
[Round "6"]
[White "Goumas, Georgios"]
[Black "Selbes, Tarik"]
[Result "0-1"]
[WhiteElo "2410"]
[BlackElo "2314"]
[EventDate "2013.05.05"]
[PlyCount "64"]

1.e4 e5 2.Nf3 Nc6 3.Bb5 a6 4.Ba4 Nf6 5.O-O Be7 6.Re1 b5 7.Bb3 d6 8.c3 O-O 
9.h3 Nb8 10.d4 Nbd7 11.Nbd2 Bb7 12.Bc2 Re8 13.b3 Bf8 14.a4 g6 15.Bd3 b4 
16.Bb2 bxc3 17.Bxc3 exd4 18.Bxd4 Ne5 19.Bc2 Bg7 20.Nxe5 dxe5 21.Bc3 Nh5 
22.Nc4 Qe7 23.Bd3 Rad8 24.Qc2 Nf4 25.Bf1 f5 26.exf5 Nxh3+ 27.Kh2 Nf4 28.g3
Qg5 29.f3 Qh5+ 30.Kg1 Qxf3 31.Qh2 Qxc3 32.gxf4 exf4 0-1

[Event "14th EUR-ch"]
[Site "Legnica POL"]
[Date "2013.05.10"]
[Round "6"]
[White "Vesterbaek Pedersen, Nicolai"]
[Black "Worek, Joanna"]
[Result "0-1"]
[WhiteElo "2406"]
[BlackElo "2299"]
[EventDate "2013.05.05"]
[PlyCount "100"]

1.d4 Nf6 2.c4 c5 3.Nf3 cxd4 4.Nxd4 e6 5.g3 Qc7 6.b3 Bb4+ 7.Bd2 Bc5 8.Nf3 
d5 9.cxd5 Nxd5 10.Bg2 O-O 11.O-O Rd8 12.Qc1 Qe7 13.a3 e5 14.e4 Nc7 15.b4 
Bb6 16.a4 a6 17.Na3 Nc6 18.Nc4 Nd4 19.Qd1 Nxf3+ 20.Qxf3 Bd4 21.Rac1 Be6 
22.Ne3 Ne8 23.Nf5 Bxf5 24.exf5 Nd6 25.Qg4 Kh8 26.Qh3 Rac8 27.g4 Nc4 28.Be4
f6 29.Be1 Nd6 30.Rxc8 Rxc8 31.Bd5 Rc2 32.Qd3 Rc7 33.a5 Qd7 34.Ba2 g6 35.
Qb3 Nc4 36.Qf3 Kg7 37.fxg6 hxg6 38.h4 Qc6 39.Qg3 Qe4 40.Bb3 Qe2 41.h5 g5 
42.b5 Nd6 43.h6+ Kh7 44.Bd5 Rc1 45.Bf3 Qxb5 46.Kg2 Qd3 47.Bd5 Bc5 48.Be6 
Qe2 49.Bf5+ Nxf5 50.gxf5 Rxe1 0-1

[Event "14th EUR-ch"]
[Site "Legnica POL"]
[Date "2013.05.10"]
[Round "6"]
[White "Deac, Bogdan-Daniel"]
[Black "Arngrimsson, Dagur"]
[Result "1/2-1/2"]
[WhiteElo "2183"]
[BlackElo "2390"]
[EventDate "2013.05.05"]
[PlyCount "75"]

1.d4 d5 2.c4 c6 3.Nf3 Nf6 4.e3 Bg4 5.h3 Bh5 6.Qb3 Qc7 7.Nc3 e6 8.Nh4 Nbd7 
9.g4 Bg6 10.Nxg6 hxg6 11.Bg2 Be7 12.Bd2 Nb6 13.cxd5 exd5 14.Qc2 Nc4 15.Bc1
O-O-O 16.b3 Na3 17.Qd3 Ne4 18.Nxe4 dxe4 19.Bxe4 Bb4+ 20.Kf1 Qe7 21.Bxa3 
Bxa3 22.Bf3 c5 23.Qc4 Kb8 24.d5 f5 25.Rd1 Rd6 26.gxf5 Rf8 27.Qe4 Qf6 28.
Rg1 gxf5 29.Qf4 Bb2 30.h4 g6 31.h5 gxh5 32.Bxh5 Qe7 33.Rg6 Be5 34.Qg5 Bf6 
35.Qf4 Be5 36.Qg5 Bf6 37.Qf4 Be5 38.Qg5 1/2-1/2